Družstvá v agropotravinárskom podnikaní vo svetle doterajšieho vývoja vo svete

Na minha lista:
Detalhes bibliográficos
Autor principal: Hutník, Félix
Formato: Livro
Idioma:eslovaco
Publicado em: Bratislava Prognostický ústav SAV 1994
Colecção:Pracovné materiály č. 10
Assuntos:
Tags: Adicionar Tag
Sem tags, seja o primeiro a adicionar uma tag!

MARC

LEADER 00000nam a2200000 4500
001 c010109
005 20221014085216.9
041 0 |a slo 
044 |a SK 
245 1 0 |a Družstvá v agropotravinárskom podnikaní vo svetle doterajšieho vývoja vo svete  |c Félix Hutník 
264 1 |a Bratislava  |b Prognostický ústav SAV  |c 1994 
300 |a 23 s. 
490 1 |a Pracovné materiály  |v č. 10 
830 0 |a Pracovné materiály  |v č. 10 
610 2 0 |a výroba rastlinná 
610 2 0 |a agropotravinárstvo 
610 2 0 |a výroba živočíšna 
610 2 0 |a podnikanie 
610 2 0 |a družstvá 
610 2 0 |a potravinárstvo 
610 2 0 |a poľnohospodárstvo 
610 2 0 |a Slovensko 
100 1 |a Hutník, Félix